Mexican Cities - Sudden Death - Statistics

General Stats
  • This quiz has been taken 2,755 times
    816 since last reset
  • The average score is 7 of 23
Answers on the Grid
Answers color-coded by a green-red scale on the quiz's grid according to % correct below.
Buenos Aires
Puebla
Guadalajara
San Diego
Santo Domingo
Fortaleza
Monterrey
Villahermosa
A Coruña
Soledad
Madrid
Cajamarca
León
Mazatlán
Vallejo
Tlaquepaque
Montería
Oaxaca
San Pedro Sula
Juárez
Trujillo
Concepción
Mexico City
Xalapa
Yucatan
Palma
Las Cruces
Cochitzapotl
Durango
Tijuana
Sinaloa
Nezahualcóyotl
Mexicali
Curitiba
La Paz
Quetzaltenango
Mérida
Tegucigalpa
Temecula
Michoacán
Saltillo
Hermosillo
Barquisimeto
Guayaquil
Chihuahua
Cádiz
Tuguegarao
San Luis Potosí
Santa Cruz de la Sierra
Cancún
Barranquilla
 
Answer Stats
Answer % Correct
Guadalajara
81%
Monterrey
76%
Puebla
64%
Mexico City
56%
León
49%
Oaxaca
48%
Juárez
47%
Mazatlán
39%
Tijuana
35%
Cancún
29%
Mexicali
26%
Villahermosa
25%
Chihuahua
22%
Tlaquepaque
19%
Xalapa
19%
Mérida
18%
San Luis Potosí
17%
Hermosillo
16%
Durango
15%
Nezahualcóyotl
11%
Saltillo
11%
La Paz
8%
Soledad
5%
No matching quizzes found
Score Distribution
Percent of People with Each Score
Percentile by Number Answered
Your Score History
You have not taken this quiz since the last reset